| 000 | 00671nam a22001697a 4500 | ||
|---|---|---|---|
| 003 | OSt | ||
| 005 | 20260114102915.0 | ||
| 008 | 260114b |||||||| |||| 00| 0 eng d | ||
| 040 | _cDCL | ||
| 082 | _a၃၇၀.၇ | ||
| 100 |
_aတင်မောင်ဝင်း _cILBC |
||
| 245 | 1 | 0 |
_aလူတိုင်းအတွက် ပညာရေး _cILBC ဦးတင်မောင်ဝင်း။ |
| 264 |
_aရန်ကုန်၊ _bနီလွင်စိုးစာပေတိုက် _c၂၀၁၆။ |
||
| 300 |
_a၄၉၁ စာမျက်နှာ၊ _c၂၄x၁၈ စင်တီ။ |
||
| 650 | _aစာပေ၊ | ||
| 942 |
_2ddc _cBOM _n0 |
||
| 999 |
_c2804 _d2804 |
||